|
|
|
|
| LEADER |
00000caa a22000002c 4500 |
| 001 |
163197937X |
| 003 |
DE-627 |
| 005 |
20220607131731.0 |
| 007 |
tu |
| 008 |
130522s2013 xx ||||| 00| ||eng c |
| 035 |
|
|
|a (DE-627)163197937X
|
| 035 |
|
|
|a (DE-576)382497856
|
| 035 |
|
|
|a (DE-599)BSZ382497856
|
| 040 |
|
|
|a DE-627
|b ger
|c DE-627
|e rakwb
|
| 041 |
|
|
|a eng
|
| 100 |
1 |
|
|a Barker, Vanessa
|0 (DE-588)139301402
|0 (DE-627)609824236
|0 (DE-576)18955147X
|4 aut
|
| 109 |
|
|
|a Barker, Vanessa
|a Barker, Vanessa Lynn
|
| 245 |
1 |
0 |
|a Nordic exceptionalism revisited
|b explaining the paradox of a Janus-faced penal regime
|c Vanessa Barker
|
| 264 |
|
1 |
|c 2013
|
| 336 |
|
|
|a Text
|b txt
|2 rdacontent
|
| 337 |
|
|
|a ohne Hilfsmittel zu benutzen
|b n
|2 rdamedia
|
| 338 |
|
|
|a Band
|b nc
|2 rdacarrier
|
| 773 |
0 |
8 |
|i In
|t Theoretical criminology
|d London : Sage, 1997
|g 17(2013), 1, Seite 5-25
|w (DE-627)216376157
|w (DE-600)1338484-3
|w (DE-576)058070303
|x 1362-4806
|7 nnas
|
| 773 |
1 |
8 |
|g volume:17
|g year:2013
|g number:1
|g pages:5-25
|
| 951 |
|
|
|a AR
|
| ELC |
|
|
|b 1
|
| LOK |
|
|
|0 000 xxxxxcx a22 zn 4500
|
| LOK |
|
|
|0 001 3283487839
|
| LOK |
|
|
|0 003 DE-627
|
| LOK |
|
|
|0 004 163197937X
|
| LOK |
|
|
|0 005 20130522101913
|
| LOK |
|
|
|0 008 130522||||||||||||||||ger|||||||
|
| LOK |
|
|
|0 040
|a DE-21-110
|c DE-627
|d DE-21-110
|
| LOK |
|
|
|0 689
|a s
|a Strafpolitik
|
| LOK |
|
|
|0 689
|a s
|a Ethnizität
|
| LOK |
|
|
|0 689
|a s
|a Soziale Exklusion
|
| LOK |
|
|
|0 689
|a s
|a Wohlfahrtsstaat
|
| LOK |
|
|
|0 689
|a g
|a Schweden
|
| LOK |
|
|
|0 852
|z Kein Bestand am IfK; Nachweis für KrimDok
|
| LOK |
|
|
|0 852
|a DE-21-110
|
| LOK |
|
|
|0 852 1
|m v
|9 00
|
| LOK |
|
|
|0 938
|k v
|
| LOK |
|
|
|0 939
|a 22-05-13
|b l01
|
| ORI |
|
|
|a SA-MARC-krimdoka001.raw
|